000 00706nam a2200229Ia 4500
005 20230711155040.0
008 210716s2009 xx 000 0 und d
020 _a9788131701010
040 _cAIMIT LIBRARY
041 _aeng
082 _a005.43
_23
_bKOCS
100 _aKochan, Stephen G.
_9126471
245 _aUnix shell programming /
_cBy Stephen G. Kochan and Patrick Wood.
250 _a3rd ed.
260 _aNew Delhi :
_bDorling Kindersley ,
_c2009.
300 _axiii,437p.;
_bPB
_c25 cm.
650 _aTools of the trade
_9126472
650 _aPassimg arguments
_9126473
650 _aMore on parameters
_9126474
700 _aWood, Patrick.
_9126475
942 _2ddc
_cBK
_e3rd
_k005.43 KOCS
999 _c190678
_d190678